000 00476nam a2200133 4500
008 240219b |||||||| |||| 00| 0 eng d
022 _a07426763
245 _aThe American journal of Islamic social sciences-Vol. 18, no. 3 (Summer 2001)
260 _aHerndon, (USA) :
_bThe Association of Muslim social scientists : International institute of Islamic thought,
_c2001
300 _b1-148 p.
650 _a Islam -- Periodicals
650 _aMuslims -- Periodicals
942 _cCR
999 _c4752
_d4752